|
|
|
|
| LEADER |
00000nam0a2200000 4500 |
| 001 |
316437 |
| 005 |
20231102002857.0 |
| 010 |
|
|
|a 9785911346676
|
| 010 |
|
|
|a 978-5-16-006032-3
|
| 035 |
|
|
|a (RuTPU)RU\TPU\book\341875
|
| 090 |
|
|
|a 316437
|
| 100 |
|
|
|a 20160322d2016 m y0rusy50 ca
|
| 101 |
0 |
|
|a rus
|
| 102 |
|
|
|a RU
|
| 105 |
|
|
|a a j 001zy
|
| 200 |
1 |
|
|a Экологический мониторинг атмосферы
|e учебное пособие
|f И. О. Тихонова, В. В. Тарасов, Н. Е. Кручинина
|
| 205 |
|
|
|a 2-е изд., перераб. и доп.
|
| 210 |
|
|
|a Москва
|c Форум
|c Инфра-М
|d 2016
|
| 215 |
|
|
|a 132 с.
|c ил.
|
| 225 |
1 |
|
|a Высшее образование
|
| 320 |
|
|
|a Библиогр.: с. 129
|
| 330 |
|
|
|a Рассмотрены вопросы, связанные с составом атмосферного воздуха и проблемами, которые возникают при его загрязнении в результате антропогенной деятельности; задачи и принципы организации систем мониторинга на глобальном и локальном уровнях. Обсуждены особенности аналитических задач при мониторинге атмосферного воздуха. Содержатся сведения о методах и средствах измерений загрязненности воздушной среды.Предназначено для студентов, обучающихся по направлениям «Энерго-и ресурсосберегающие процессы в химической технологии, нефтехимии и биотехнологии», «Безопасность жизнедеятельности, природообустройство и защита окружающей среды».
|
| 606 |
1 |
|
|a Атмосфера
|x Экологический мониторинг
|2 stltpush
|3 (RuTPU)RU\TPU\subj\70430
|9 84691
|
| 610 |
1 |
|
|a атмосферный воздух
|
| 610 |
1 |
|
|a состав
|
| 610 |
1 |
|
|a качество
|
| 610 |
1 |
|
|a воздушная среда
|
| 610 |
1 |
|
|a загрязняющие вещества
|
| 610 |
1 |
|
|a распространение
|
| 610 |
1 |
|
|a загрязнение
|
| 610 |
1 |
|
|a прогнозирование
|
| 610 |
1 |
|
|a контроль
|
| 610 |
1 |
|
|a учебные пособия
|
| 675 |
|
|
|a 504.3(075.8)
|v 4
|
| 700 |
|
1 |
|a Тихонова
|b И. О.
|g Ирина Олеговна
|
| 701 |
|
1 |
|a Тарасов
|b В. В.
|g Валерий Васильевич
|
| 701 |
|
1 |
|a Кручинина
|b Н. Е.
|g Наталия Евгеньевна
|
| 801 |
|
1 |
|a RU
|b 63413507
|c 20160322
|
| 801 |
|
2 |
|a RU
|b 63413507
|c 20160602
|g RCR
|
| 900 |
|
|
|a Экологический мониторинг
|
| 942 |
|
|
|c BK
|
| 951 |
|
|
|l 8
|
| 959 |
|
|
|a 29/20160310
|d 3
|e 244,90
|f ЧЗТЛ:1
|f УФ:2
|